Angel Ganivet: su idea del hombre

Guardat en:
Dades bibliogràfiques
Autor principal: García Lorca, Francisco (Autor)
Format: Llibre
Idioma:espanyol
Publicat: Buenos Aires Losada 1952
Col·lecció:Colección Estudios Literarios
Matèries:
Etiquetes: Afegir etiqueta
Sense etiquetes, Sigues el primer a etiquetar aquest registre!

MARC

LEADER 00000nam a2200000 a 4500
001 UCY8274
003 CL-VaPUC
008 950703e19520000AG |||||||||||||||||spa|d
082 0 4 |a 861.09  |b GAR  |2 21 
100 |a García Lorca, Francisco  |e author  |9 519284 
245 1 0 |a Angel Ganivet: su idea del hombre 
300 |a 298 p 
942 |c BK 
945 |d 19950703 00:00:00  |a rbrito 
260 |a Buenos Aires  |b Losada  |c 1952 
600 0 7 |a GANIVET, ANGEL  |2 CL-VaPUC  |9 339550 
650 0 |a Poesía española  |9 264938 
650 0 |a Crítica literaria   |9 269189 
650 0 |a Crítica e interpretación   |9 255042 
583 |a last modification  |c 19950703 00:00:00  |k Rodrigo Vera 
490 0 |a Colección Estudios Literarios 
999 |c 235548  |d 235546 
952 |0 0  |1 0  |4 0  |6 861_090000000000000_GAR_1952  |7 0  |8 A  |9 243055  |a BIBEDU  |b BIBEDU  |d 2019-11-18  |i 3096971  |o 861.09 GAR 1952  |p 3096971  |r 2019-11-18  |w 2019-11-18  |y BK  |k LIT